000 00910nmc a2200313 a 4500
003 AR-BaBNM
005 20251128211250.0
008 123020s2003 ||||||||||||||000 | spa||
020 _a84-277-1412-2
040 _cAR-BaBNM
245 1 0 _aRecursos para una educación global
_b¿es posible otro mundo?
260 _aMadrid
_bNarcea
_c2003
300 0 _a204 p.
_btablas, il.
490 0 _aEducación hoy. Estudios
504 _aContiene bibliografía organizada por materias p. 199-204
650 4 _aEDUCACION INTERNACIONAL
650 4 _aEDUCACION PARA LA PAZ
650 4 _aDERECHOS HUMANOS
650 4 _aEDUCACION MULTICULTURAL
650 4 _aRECURSOS DIDACTICOS
650 4 _aMATERIALES DE ENSENANZA
653 0 _aGENERO
700 1 _aLlopis, Carmen
_ecoordinador
700 1 _aBueso, Carmen
700 1 _aChamorro, María
700 1 _aGarcía, Alvaro
942 _cBK
998 _craquel
999 _c18917
_d18917